000 00755nam a22002415a 4500
005 20161024121627.0
008 161019t2015 njua frb 001 0 eng d
020 _a9781118808849
040 _aEG-ScBUE
_beng
_cEG-ScBUE
_dEG-ScBUE
082 0 4 _a658.83
_bMCD
_222
100 1 _a McDaniel, Carl,
_cJr.,
_d1941-
245 1 0 _aMarketing research essentials /
_cCarl McDaniel J., Roger Gates.
250 _a10th ed
260 _aHoboken :
_bJohn Wiley & Sons ;
_cc.2015.
300 _a1 v. (various pagings). :
_bill. (col.) ;
_c24 cm.
504 _aIncludes bibliographical references and index.
590 _ashima
650 7 _aMarketing research
_2BUEsh
651 _2BUEsh
653 _bBUSADM
_cOctober2016
700 1 _aGtes, Roger.
942 _2ddc
999 _c22722
_d22694